[Event "Corus"]
[Site "Wijk aan Zee"]
[Date "2009.01.19"]
[Round "3"]
[White "Carlsen, Magnus"]
[Black "Movsesian, Sergei"]
[Result "1/2-1/2"]
[WhiteElo "2776"]
[BlackElo "2751"]
[PlyCount "78"]
[EventDate "2009.01.17"]
[EventType "tourn"]
[EventRounds "13"]
[EventCountry "NED"]
[EventCategory "19"]
[SourceTitle "CBM 129"]
[Source "ChessBase"]
[SourceDate "2009.03.25"]
[SourceVersion "1"]
[SourceVersionDate "2009.03.25"]
[SourceQuality "1"]

1. d4 d5 2. c4 c6 3. Nf3 Nf6 4. e3 Bg4 5. Qb3 Qb6 6. Nc3 e6 7. Nh4 Bh5 8. h3 Nbd7 9. g4 Bg6 10. g5 Ng8 11. Nxg6 hxg6 12. Qc2 Ne7 13. Bd2 Nf5 14. cxd5 cxd5 15. Nb5 Bd6 16. Qa4 a6 17. Rc1 Ke7 18. Nxd6 Nxd6 19. Bd3 Rhc8 20. Ke2 e5 $146 ({RR} 20... Ke8 21. b3 Ne4 22. Bxe4 dxe4 23. Rc4 Qb5 24. Rhc1 Nb6 25. Qxb5+ axb5 26. Rxc8+ Rxc8 27. Rxc8+ Nxc8 28. f3 f5 29. f4 Nb6 30. Kd1 Nd5 31. Kc2 b4 {½-½ (31) Javakhadze,Z (2365)-Bukavshin,I (2417) Akhisar Manisa 2009}) 21. Qb4 e4 22. Bc2 Qxb4 23. Bxb4 a5 24. Bxd6+ Kxd6 25. f3 exf3+ 26. Kxf3 Nf8 27. Bd3 Ne6 28. h4 Rxc1 29. Rxc1 Rh8 30. Kg4 Re8 31. Bb5 Rg8 32. Rc3 f5+ 33. Kg3 Rf8 34. Bd3 f4+ 35. exf4 Nxf4 36. Kg4 Nxd3 37. Rxd3 Rf2 38. Rb3 Kc6 39. Rc3+ Kd6 1/2-1/2

[Event "Corus"]
[Site "Wijk aan Zee"]
[Date "2009.01.20"]
[Round "4"]
[White "Carlsen, Magnus"]
[Black "Aronian, Levon"]
[Result "1/2-1/2"]
[WhiteElo "2776"]
[BlackElo "2750"]
[PlyCount "129"]
[EventDate "2009.01.17"]
[EventType "tourn"]
[EventRounds "13"]
[EventCountry "NED"]
[EventCategory "19"]
[SourceTitle "CBM 129"]
[Source "ChessBase"]
[SourceDate "2009.03.25"]
[SourceVersion "1"]
[SourceVersionDate "2009.03.25"]
[SourceQuality "1"]

1. d4 {Quintiliano,Renato} d5 2. c4 c6 3. Nf3 Nf6 4. Nc3 e6 5. e3 Nbd7 6. Qc2 Bd6 7. b3 O-O 8. Be2 b6 9. Bb2 Qe7 10. O-O Bb7 11. Rfe1 ({RR} 11. Rad1 Rac8 12. e4 dxe4 13. Nxe4 Nxe4 14. Qxe4 Nf6 15. Qh4 c5 16. Rfe1 cxd4 ({RR} 16... Ne4 17. d5) 17. Nxd4 Bb4 ({RR} 17... Ba3) 18. Bd3 Bxe1 19. Bxh7+ Kh8 20. Bc2+ Kg8 21. Rxe1) 11... Rfe8 12. Rad1 Rad8 ({RR} 12... Rac8 13. Bd3 e5 ({RR} 13... c5 14. cxd5 exd5 15. Bf5) 14. e4 dxc4 ({RR} 14... exd4 15. exd5) 15. Bxc4 b5 16. Bf1 g6 ({RR} 16... a6 17. h3 g6 18. Qd2 Rcd8 19. Qh6 exd4 20. Nxd4 Qf8) 17. Qd2 Rcd8 18. Qg5 a6 19. h3 exd4 20. Nxd4 Qe5 21. Qxe5 Nxe5 22. Nc2 g5 23. Bc1 h6 24. Be3 c5 25. f3 Bf8 26. Bf2) 13. Bf1 ({RR} 13. e4 Nxe4 14. Nxe4 dxe4 15. Qxe4 Bb4 16. Rf1 Bd6 17. Rfe1 Bb4 18. Rf1 Bd6 19. Rfe1 Bb4) ({RR} 13. Bd3 e5 14. cxd5 ({RR} 14. e4 dxc4 15. Bxc4 b5 16. Bf1 a6) 14... cxd5 15. dxe5 Nxe5 16. Nd4 Nxd3 17. Qxd3 Ne4) ({RR} 13. h3 c5 14. cxd5 exd5 15. Ba1 a6 16. Qb2 Qe6 17. Bd3 h6 18. e4 dxe4 19. d5 Qe7 20. Nxe4 Qf8 21. Qd2 Bb8 22. Nxf6+ Nxf6 23. Bxf6 gxf6 24. Rxe8 Rxe8 25. Bb1 Rd8 26. Qc2 Qg7 27. Qe4 Kf8 {Lupulescu,C (2577)-Finek,V (2518) Batumi GEO 2025 1-0 (89)}) 13... Bb4 $146 ({RR} 13... e5 14. dxe5 ({RR} 14. cxd5 e4 15. Nh4 Bxh2+ 16. Kxh2 Ng4+ 17. Kh3 Ndf6) ({RR} 14. g3 e4 15. Nh4 Qe6 16. cxd5 cxd5 17. Nb5 Rc8 18. Qd2 Bb8 19. Rc1 g5 20. Ng2 Qh3) 14... Nxe5 15. Nd4 ({RR} 15. Nd4 dxc4 16. Nf5 Qe6 17. Nxd6 Rxd6 18. bxc4 Rxd1 19. Nxd1 c5) 15... g6 16. cxd5 cxd5 17. Bb5 Rf8 18. f4 Neg4 19. h3 a6 20. hxg4 axb5 21. g5 Nh5 22. g4 Ng3 23. Qh2 b4 24. Qxg3 bxc3 25. Bxc3 Qxg5 26. Qh3 Qe7 27. g5 Rc8 28. Nf5 {Nakada,A (2226)-Homa,S (2269) Clayton 2021 1-0 (35)}) ({RR} 13... c5 14. cxd5 exd5 15. g3 a6 ({RR} 15... Rc8 16. Qb1 ({RR} 16. Bh3 c4) 16... cxd4 ({RR} 16... c4 17. bxc4 Bb4 18. Nd2 dxc4 19. e4) 17. Nxd4 Bb4 18. Rc1 Ne5 ({RR} 18... Ne4 19. Nf5 Qe6 20. Nxe4 Qxe4 21. Qxe4 dxe4 22. Rxc8 Rxc8 23. Rd1) 19. Bh3 Rcd8 20. Red1 Bc5 21. Bg2) 16. Bg2 Rc8 17. Qb1 ({RR} 17. dxc5 Bxc5 ({RR} 17... bxc5 18. Nh4 Qe6 19. Qd2 Nb6 20. e4 d4 21. e5 Bxg2 22. exf6 Be5 23. Nxg2 dxc3 24. Bxc3 Bxc3 25. Rxe6 Bxd2 26. Rxb6) 18. Rc1 Ne4 19. Qd3 Ndf6) 17... h6 ({RR} 17... Rcd8 18. Nh4 cxd4 ({RR} 18... g6) 19. Nf5 Qf8 20. Nxd6 Qxd6 21. Rxd4) ({RR} 17... c4 18. bxc4 dxc4 19. e4) 18. Nh4 ({RR} 18. dxc5 bxc5 19. Nh4 Qe6 20. Ne2 Rcd8 21. Nf4 Bxf4 22. exf4 Qb6) 18... c4 19. Nf5 Qf8 20. Nxd6 ({RR} 20. bxc4 Rxc4 21. e4 dxe4 ({RR} 21... Bb4 22. e5 Bxc3 23. Bxc3 Rxc3 24. exf6 Nxf6 25. Qxb6 Bc8 26. Rxe8 Qxe8 27. Qa5) 22. Nxe4 Nxe4 23. Bxe4 Bxe4 24. Rxe4 Rxe4 25. Qxe4 g6 ({RR} 25... Nf6 26. Qd3 b5 27. d5) 26. Nxd6 Qxd6 27. Qe8+ Nf8 28. d5) 20... Qxd6 21. bxc4 Rxc4 22. a4 Rec8 23. Rc1 h5 24. h3 Nf8 25. Qa2 Ne6 ({RR} 25... h4) 26. Qb3 Qd8 27. Re2 ({RR} 27. h4) 27... Bc6 28. Rec2 {Ding,L (2778)-Topalov,V (2749) Shamkir 2018 CBM 184 [Quintiliano,Renato] ½-½ (57)}) ({RR} 13... e5 14. dxe5 Nxe5 15. Nxe5 Bxe5 16. cxd5 cxd5 17. Nb5 Rc8 18. Qb1 d4 19. h3 ({RR} 19. exd4 Bxh2+ 20. Kxh2 Ng4+ 21. Kg3 Qg5 22. f4 Qh5) 19... Ng4 20. hxg4 Qh4 21. f4 dxe3 22. Rxe3 Bxf4 23. Rh3 Qxh3 24. gxh3 Be3+ 25. Kh2 Bf4+ 26. Kg1) ({RR} 13... e5 14. dxe5 Nxe5 15. Nxe5 Bxe5 16. h3 dxc4 17. Bxc4 c5 18. Rxd8 Rxd8 19. Rd1 Rxd1+ 20. Qxd1 h6 21. Qd3 Ne4 22. Nxe4 Bxe4 23. Qd2 Bxb2 24. Qxb2 Qg5 25. f4 Qe7 26. Qd2 Bc6 27. a4 Qd7 28. Qxd7 {Neverov,V (2423)-Mohammad Fahad,R (2431) Budapest HUN 2024 ½-½}) 14. a3 Bxa3 15. Bxa3 Qxa3 16. cxd5 exd5 17. Ra1 Qd6 18. Rxa7 Qb8 19. Rea1 c5 20. b4 cxd4 21. Nxd4 Rc8 22. Qb3 Ne5 23. h3 g6 24. Be2 Re7 25. R7a2 Nc4 26. Rd1 Nxe3 27. fxe3 Rxe3 28. Rd3 Qg3 29. Nd1 Qe1+ 30. Bf1 Rxd3 31. Qxd3 Qxb4 32. Qd2 Qd6 33. Nf3 Ne4 34. Qd4 Rc1 35. Rb2 Qc5 36. Ne3 Ba6 37. Rxb6 Qxd4 38. Nxd4 Bxf1 39. Nxf1 Nd2 40. Rf6 Rd1 41. Ne2 d4 42. Neg3 h5 43. Rf2 Nb1 44. Rb2 f5 45. Nh1 Nc3 46. Rd2 Ra1 47. h4 Kg7 48. Nhg3 Ra4 49. Nh2 Ne4 50. Rd3 Nxg3 51. Rxg3 d3 52. Rxd3 Rxh4 53. Rd7+ Kh6 54. Nf3 Re4 55. Rd6 Kg7 56. Kh2 Kh6 57. Nd4 Rh4+ 58. Kg3 Rg4+ 59. Kh3 Kg7 60. g3 Kf7 61. Nf3 Ke7 62. Ra6 f4 63. gxf4 Rxf4 64. Ne5 Re4 65. Nxg6+ 1/2-1/2

[Event "Corus"]
[Site "Wijk aan Zee"]
[Date "2009.01.23"]
[Round "6"]
[White "Carlsen, Magnus"]
[Black "Karjakin, Sergey"]
[Result "1/2-1/2"]
[WhiteElo "2776"]
[BlackElo "2706"]
[Annotator "Rogozenco,Dorian"]
[PlyCount "158"]
[EventDate "2009.01.17"]
[EventType "tourn"]
[EventRounds "13"]
[EventCountry "NED"]
[EventCategory "19"]
[SourceTitle "CBM 129"]
[Source "ChessBase"]
[SourceDate "2009.03.25"]
[SourceVersion "1"]
[SourceVersionDate "2009.03.25"]
[SourceQuality "1"]

1. d4 d5 2. c4 c6 3. Nf3 Nf6 4. e3 a6 5. Bd3 Bg4 6. Nbd2 Nbd7 7. Qc2 e6 8. O-O dxc4 ({RR} 8... Be7 9. b3 c5 10. Bb2 Rc8 11. Rac1 O-O 12. cxd5 exd5 13. Qb1 Bh5 14. Ne5 Bg6 15. Nxg6 hxg6 16. Nf3 Bd6 17. Rfd1 Qe7 18. Qa1 cxd4 19. Bxd4 Bc5 20. Bxc5 Nxc5 21. Qb2 Nce4 22. h3 Rfe8 23. a3 {Roiz,M (2677)-Karjakin,S (2730) Dresden 2008 ½-½ (37)}) ({RR} 8... Bh5 9. b3 Bg6 10. Bxg6 hxg6 11. e4 Nxe4 12. Nxe4 dxe4 13. Qxe4 Nf6 14. Qe2 Be7 15. Bf4 O-O 16. Rad1 Re8 17. Rd3 Qb6 18. Ne5 Bf8 19. Bg5 Nh7 20. Bh4 g5 21. Bg3 Qc7 22. f4 f6 23. fxg5 {Testor,S (2325)-Sandhoefner,F (2275) Austria AUT 2022 1-0 (78)}) 9. Bxc4 Be7 10. e4 O-O 11. Bd3 $146 (11. Ne5 Bh5 (11... Nxe5 $5 12. dxe5 Nd7 13. h3 Bh5 14. f4 b5 15. g4 Bg6 16. Be2 f6 $132) 12. Nxd7 Qxd7 13. Nb3 a5 14. a4 Bg6 15. f3 Nd5 16. Qe2 Nb4 17. Rd1 b6 $11 {1-0 Bacrot,E (2709)-Drozdovskij,Y (2558)/Odessa 2007 (rapid)/ (56)}) ({RR} 11. Ne5 Bh5 12. Nxd7 Qxd7 13. Nb3 a5 14. a4 Bg6 15. f3 Nd5 16. Qe2 Nb4 17. Rd1 b6 18. Be3 Kh8 19. Bf2 f5 20. exf5 exf5 21. d5 cxd5 22. Bb5 Qb7 23. Nd4 Bf6 24. Rac1 Be8 25. Ne6 Rf7 {Bacrot,E (2709)-Drozdovskij,Y (2558) Odessa 2007 1-0 (56)}) 11... h6 12. h3 Bh5 $11 13. e5 $6 {White starts doubtful complications.} Nd5 14. g4 Nb4 (14... Bg6 15. Bxg6 fxg6 16. Qxg6 Nf4 17. Qe4 Nxh3+ 18. Kh2 Nf4 19. Nc4 Nd5 20. Kg2 $13 {[%cal Gf1h1,Gg4g5]}) 15. Bh7+ Kh8 16. Qb1 f5 $1 17. exf6 Nxf6 18. gxh5 (18. Bg6 Bxg6 19. Qxg6 Nfd5 $17) 18... Nxh7 19. Ne5 Kg8 (19... Bd6 {was an attractive alternative:} 20. Ng6+ Kg8 21. Nxf8 Qg5+ $1 (21... Qxf8 22. Nc4 Bc7 23. Ne5 $16) 22. Kh1 Rxf8 $44 23. Ne4 $140 $2 Qxh5 $19) 20. Qg6 Rf6 21. Qg4 Ng5 22. Ndc4 (22. h4 $2 Rf4 $1 23. Qg3 (23. Qxf4 Nh3+ $19) 23... Rxh4 $19) 22... Nd5 23. h4 (23. Bxg5 hxg5 24. Qxg5 $2 Rf5 $17) 23... Nf7 24. Kh1 Bf8 25. Be3 Ne7 $4 {Missing White's reply.} (25... Qe8 $1 $15 {[%csl Rh5][%cal Ga8d8,Gf6f5]}) 26. Nb6 $1 {A nice and unexpected blow.} Ra7 (26... Qxb6 27. Nd7 $16) 27. Ned7 Rf5 28. Rg1 Nd5 29. Nxd5 (29. Nxf8 {wins quicker:} Qxf8 (29... Kxf8 30. Qxg7+ Ke7 31. Bxh6 $1 Nxb6 (31... Qxb6 32. Qf8+ Kd7 33. Rg7 $18) 32. Bg5+ Rxg5 33. hxg5 $18) 30. Nd7 $18) 29... Rxd5 (29... cxd5 30. Nxf8 Qxf8 31. Rac1 Ra8 32. Rc7 $18) 30. Nxf8 Qxf8 31. Rg3 Ra8 32. Rag1 Kh8 33. Qxe6 $1 (33. Qxg7+ Qxg7 34. Rxg7 Rf8 35. Kh2 Rxh5 36. Kh3 $16) 33... Rxh5 34. Qg4 g6 (34... Rd5 35. Qxg7+ Qxg7 36. Rxg7 $18) 35. d5 $2 {Throwing it all away.} (35. Qxg6 Rxh4+ 36. Kg2 {[%cal Gg6f6]} Nd6 37. d5 cxd5 38. Bc5 Rd8 39. Kf1 $18) 35... Ne5 36. Bd4 Qf6 $1 {[%csl Rh4]} 37. Bxe5 Qxe5 38. dxc6 bxc6 39. Rd1 Rg8 40. Qd4 Qxd4 41. Rxd4 g5 42. Rc3 Rf8 43. Kg1 ({After} 43. Rxc6 Rxf2 44. Rxa6 {a safe method to make a draw is the following:} Rxh4+ ({but not} 44... Rxb2 $4 45. Rd8+ $1 Kg7 46. Rd7+ Kg8 47. Ra8+ {and mate}) 45. Rxh4 gxh4 46. Rxh6+ (46. b4 Rb2 47. a3 Kg7 $11) 46... Kg7 47. Rb6 Kf7 48. a4 Ke7 49. a5 Kd7 50. a6 Kc7 51. Rb7+ (51. a7 Rf1+ 52. Kg2 Ra1 $11) 51... Kc8 52. b4 Ra2 53. b5 h3 54. Rh7 Kb8 55. Rxh3 {with a theoretical draw. For instance:} Ka7 56. Rh7+ (56. Kg1 Kb6) 56... Ka8 57. Kg1 Rb2 58. Rh5 Ka7 59. Kf1 Kb6 $11) 43... Rf6 44. hxg5 Rxg5+ 45. Kf1 Kg7 $11 46. Rdc4 Ra5 47. a3 Rb5 48. Rc2 Rd6 49. a4 Rb6 50. b4 a5 51. bxa5 Ra6 52. Rg4+ Kf7 53. Rc5 Rd5 54. Rgc4 Rxa5 55. Rxc6 Rd1+ 56. Ke2 Ra1 57. Rf4+ Ke7 58. Rcc4 h5 59. Rb4 Ra2+ 60. Kf3 Ra3+ 61. Kg2 Ke6 62. Rbe4+ Kd6 63. f3 Ra2+ 64. Kh3 Ra1 65. Rd4+ Ke6 66. Rb4 Rg5 67. Rfe4+ Kf6 68. Rf4+ Ke6 69. Rb6+ Ke7 70. Rb2 Rh1+ 71. Rh2 Ra1 72. Kh4 Rg8 73. Rd4 Kf6 74. Rf4+ Ke5 75. Rb4 Kf5 76. Kh3 Ra3 77. Rf2 Ra8 78. Rb5+ Kf4 79. Rxh5 Rxf3+ 1/2-1/2

[Event "Corus"]
[Site "Wijk aan Zee"]
[Date "2009.01.28"]
[Round "10"]
[White "Carlsen, Magnus"]
[Black "Dominguez Perez, Leinier"]
[Result "1-0"]
[WhiteElo "2776"]
[BlackElo "2717"]
[Annotator "Krasenkow,Michal"]
[PlyCount "77"]
[EventDate "2009.01.17"]
[EventType "tourn"]
[EventRounds "13"]
[EventCountry "NED"]
[EventCategory "19"]
[SourceTitle "CBM 129"]
[Source "ChessBase"]
[SourceDate "2009.03.25"]
[SourceVersion "1"]
[SourceVersionDate "2009.03.25"]
[SourceQuality "1"]

1. d4 Nf6 2. c4 g6 3. Nc3 d5 4. Qb3 dxc4 5. Qxc4 Bg7 6. e4 O-O 7. Be2 Nfd7 8. Be3 Nb6 9. Qd3 {A relatively new move, first applied by Kramnik against Dominguez several months ago - see CBM 128.} f5 (9... Nc6 10. Rd1 f5 11. Nf3 f4 12. Bc1 Bg4 13. e5 Qd7 14. Ne4 Rad8 15. Nc5 Qc8 16. Qc3 e6 $6 (16... Nd5 17. Qb3 b6 18. Ba6 Qb8 19. Ne4 Na5 20. Qa4 c5 $13) 17. h3 Bh5 $6 (17... Bxf3 18. Bxf3 Nxd4 $1 19. Bxb7 Qb8 20. Be4 Bxe5 21. Nxe6 $13) 18. O-O Nd5 19. Qb3 Na5 20. Qc2 Nc6 21. Ng5 $1 $14 {[%csl Re6] 1/2 Kramnik,V (2772)-Dominguez Perez,L (2719)/Dresden 2008/CBM 128/[Krasenkow] (45)}) 10. Rd1 f4 11. Bc1 e5 12. d5 c6 13. Nf3 cxd5 14. Nxd5 Nxd5 15. Qb3 $5 $146 {[%mdl 8]} (15. Qxd5+ Qxd5 16. exd5 Bf5 17. O-O Nd7 18. Rfe1 a6 19. Bd2 Rac8 20. Ng5 Rc2 21. Ne6 Rfc8 22. Nxg7 Kxg7 23. Bc3 Kf6 24. Bf3 b5 $13 {1/2 Jakovenko,D (2737)-Mamedyarov,S (2731)/Elista RUS 2008/The Week in Chess 737 (57)}) 15... Kh8 (15... Be6 $5 16. exd5 Bf7 17. Qxb7 Nd7 $44 {S.Zagrebelny Of course, this line needs further analysis.}) 16. Bc4 Nc6 17. Bxd5 Qe7 (17... Qb6 {doesn't change much:} 18. h3 Nd4 19. Nxd4 exd4 {[%cal Yg7e5]} 20. Bd2 $14 {The black bishop will be strong on e5 but White's d5 bishop is even stronger!}) 18. h3 $146 (18. Bd2 Bg4 19. Bxc6 bxc6 20. Bb4 c5 21. Bc3 Rae8 22. h3 Bc8 23. Kd2 Rd8+ 24. Kc1 Rd4 $5 25. Bxd4 exd4 26. Rhe1 Be6 27. Qa3 Rd8 28. Re2 Qc7 29. e5 Qb6 30. Ng5 Bd5 31. e6 Re8 $44 {1/2 Aleksandrov,A (2636)-Zinchenko,Y (2527)/Moscow RUS 2009/The Week in Chess 744 (44)}) ({RR} 18. Bd2 Bg4 19. Bxc6 bxc6 20. Bb4 c5 21. Bc3 Rae8 22. h3 Bc8 23. Kd2 Rd8+ 24. Kc1 Rd4 25. Bxd4 exd4 26. Rhe1 Be6 27. Qa3 Rd8 28. Re2 Qc7 29. e5 Qb6 30. Ng5 Bd5 31. e6 Re8 32. Rc2 Bf8 {Aleksandrov,A (2636)-Zinchenko,Y (2527) Moscow 2009 ½-½ (44)}) 18... Nb4 (18... Nd4 19. Nxd4 exd4 20. Bd2 a5 21. Rc1 $14 {[%csl Gb3,Gd5][%cal Gc1c7]}) 19. Bc4 $6 {A tempo was more important than this bishop!} (19. O-O $142 $1 Nxd5 $140 20. exd5 {[%csl Gd5,Re5]} e4 21. Rfe1 Re8 22. d6 Qd8 23. Nh2 $18 {[%cal Rc1f4,Rd6d7]}) 19... b5 $5 20. Bxb5 $6 (20. Bd2 $1 a5 (20... bxc4 21. Qxb4 Qxb4 22. Bxb4 Re8 23. O-O $16 {[%csl Re5]}) 21. Bxb4 Qxb4+ 22. Qxb4 axb4 23. Bd5 $14) 20... Nxa2 (20... Be6 $5 21. Bc4 Bxc4 22. Qxc4 Rac8 $44) 21. Bd2 (21. Qxa2 Qb4+) 21... Rb8 22. Qa4 Qb7 23. O-O Qxb5 24. Qxa2 Qxb2 25. Qxa7 Qb7 $11 {Black has solved all his opening problems. But equal doesn't quite mean drawn! Several minor inaccuracies - and the Cuban GM loses this game...} 26. Qc5 Be6 27. Qd6 Bb3 28. Rb1 Qxe4 29. Bc3 Rbd8 (29... Qd5 $11 {R.Sherbakov}) 30. Qa3 Bc2 $6 {This bishop will be out of play and hanging.} (30... Bd5 $11) 31. Rb5 Qa4 $6 (31... Qc6 $142 32. Rxe5 $1 (32. Qb2 Rc8 33. Bxe5 Bxe5 34. Rxe5 Qc3 $1) (32. Rc5 Qa4 33. Qb2 Rb8) 32... Ra8 33. Qb2 Be4 34. Nd4 Qb7 35. Rb5 $36 {- analysis by IM M.Notkin.}) 32. Qb2 Bd3 $2 (32... Be4 33. Bxe5 Qa7 $1 34. Ra1 Qe7 35. Bxg7+ Qxg7 36. Ne5 $16) 33. Rb7 $1 $18 {[%mdl 128] Suddenly White obtains a killing attack.} Qc2 (33... Bxf1 34. Bxe5 Rd7 35. Bxg7+ Kg8 36. Rxd7 Qxd7 37. Bxf8 $18 {M.Notkin}) (33... Rd7 34. Nxe5 Rxb7 (34... Bxe5 35. Bxe5+ Kg8 36. Rxd7 Qxd7 37. Rc1 $18) 35. Qxb7 Qa6 36. Qe7 {[%cal Re5g6]} Kg8 37. Nd7 Rf7 38. Qd8+ Bf8 39. Nxf8 Rxf8 40. Qd5+ Rf7 41. Ra1 $18) 34. Qb4 Rfe8 35. Re1 (35. Bxe5 $1 Bxe5 36. Nxe5 Rxe5 37. Qxf4 Rf5 38. Qh6 $18) 35... Be2 36. Nxe5 Bxe5 37. Bxe5+ Rxe5 38. Qxf4 Qf5 39. Qh6 1-0

[Event "Corus"]
[Site "Wijk aan Zee"]
[Date "2009.02.01"]
[Round "13"]
[White "Wang, Yue"]
[Black "Carlsen, Magnus"]
[Result "1-0"]
[WhiteElo "2739"]
[BlackElo "2776"]
[Annotator "ChessBase II"]
[PlyCount "133"]
[EventDate "2009.01.17"]
[EventType "tourn"]
[EventRounds "13"]
[EventCountry "NED"]
[EventCategory "19"]
[SourceTitle "CBM 129"]
[Source "ChessBase"]
[SourceDate "2009.03.25"]
[SourceVersion "1"]
[SourceVersionDate "2009.03.25"]
[SourceQuality "1"]

1. d4 d5 2. c4 e6 3. Nf3 Nf6 4. Nc3 c6 5. e3 Nbd7 6. Qc2 b6 7. Bd3 Bb7 8. O-O dxc4 9. Bxc4 c5 10. Rd1 Qc8 11. d5 exd5 12. Nxd5 Bxd5 13. Bxd5 Nxd5 14. Rxd5 Be7 15. e4 O-O 16. Bg5 Re8 17. Rad1 Nf8 18. Qc4 $146 ({RR} 18. Bxe7 Rxe7 19. e5 Ne6 20. Qe4 h6 21. Rd6 Qb7 22. Qxb7 Rxb7 23. g3 Kf8 24. Rd7 Rab8 25. Kf1 Ke8 26. Rxb7 Rxb7 27. Ke2 Re7 28. Ke3 Nd8 29. Ke4 Nc6 30. Rd6 Na5 31. b3 Nb7 32. Rd5 Nd8 {Parligras,M (2591)-Hera,I (2610) Tornelo INT 2021 ½-½ (49)}) ({RR} 18. Bxe7 Rxe7 19. e5 Ne6 20. Qe4 h6 21. Rd6 Qb7 22. Qxb7 Rxb7 23. g3 Kf8 24. Rd7 Rab8 25. Kf1 Ke8 26. Rxb7 Rxb7 27. Ke2 Re7 28. Ke3 Nd8 29. Ke4 Nc6 30. Rd6 Na5 31. b3 Nb7 32. Rd5 Nd8 {Parligras,M (2591)-Hera,I (2610) Tornelo INT 2021 ½-½ (49)}) 18... Qe6 19. b3 h6 20. Bf4 Ng6 21. Bg3 Bf8 22. Nd2 Ne7 23. Rd3 Nc6 24. Qxe6 Rxe6 25. a4 a6 26. f3 b5 27. Bf2 Rc8 28. axb5 axb5 29. Nf1 Nb4 30. Rc3 Ra6 31. Ne3 Ra3 32. Be1 Nc6 33. Rb1 Rca8 34. Kf1 Nd4 35. Rd3 Ra2 36. b4 R8a3 37. Rbd1 Ne6 38. bxc5 Bxc5 39. Rxa3 Rxa3 40. Nd5 Rb3 41. h4 b4 42. f4 Rb2 43. f5 Nd4 44. Bxb4 Bxb4 45. Rxd4 Rb1+ 46. Ke2 Rb2+ 47. Kf3 Be1 48. h5 Rf2+ 49. Ke3 Rxg2 50. Ra4 Bh4 51. Ra8+ Kh7 52. Rf8 Bg5+ 53. Kf3 Rh2 54. Rxf7 Kg8 55. Ra7 Rxh5 56. e5 Rh3+ 57. Ke4 Rh1 58. e6 Re1+ 59. Kd4 h5 60. Kc5 Re5 $2 (60... h4 $11) 61. f6 $1 Bxf6 62. Kd6 Rf5 63. Nxf6+ Rxf6 64. Kd7 h4 65. e7 Rf7 66. Kd8 Kh7 67. Ra6 1-0

[Event "Linares 26th"]
[Site "Linares"]
[Date "2009.02.19"]
[Round "1"]
[White "Aronian, Levon"]
[Black "Carlsen, Magnus"]
[Result "1/2-1/2"]
[WhiteElo "2750"]
[BlackElo "2776"]
[Annotator "ChessBase"]
[PlyCount "73"]
[EventDate "2009.02.19"]
[EventType "tourn"]
[EventRounds "14"]
[EventCountry "ESP"]
[EventCategory "21"]
[SourceTitle "CBM 129"]
[Source "ChessBase"]
[SourceDate "2009.03.25"]
[SourceVersion "1"]
[SourceVersionDate "2009.03.25"]
[SourceQuality "1"]

1. d4 Nf6 2. c4 e6 3. g3 d5 4. Nf3 Be7 5. Bg2 O-O 6. O-O dxc4 7. Qc2 a6 8. Qxc4 b5 9. Qc2 Bb7 10. Bd2 Be4 11. Qc1 Bb7 {#} 12. a3 {A rare continuation in a well-known theoretical position. Aronian, who by the way played this variation before with both colours, is preparing b2-b4, which fights against Black's main idea in this system: the advance c7-c5.} ({The most frequent continuation here is} 12. Bf4 {a move played in the past also by Kasparov, or... Aronian himself.}) 12... Qc8 ({RR} 12... Nbd7 13. Ba5 Rc8 14. Nbd2 Nb6 15. Nb3 Bd5 16. Qc2 Be4 17. Qc1 Bd5 18. Qc2 Be4 19. Qc1 {½-½ (19) Giri,A (2727)-Radjabov,T (2793) Zug 2013}) ({RR} 12... Nbd7 13. Ba5 Bd6 14. Nbd2 Rc8 15. Re1 Qe7 16. e4 e5 17. b4 Rfe8 18. Ra2 Qf8 19. dxe5 Nxe5 20. Nxe5 Bxe5 21. Rc2 Qe7 22. Nb3 c6 23. Nc5 Bd4 24. Rd2 Bxc5 25. bxc5 Nd7 26. e5 Nf6 27. Rd6 {Chu Wei Chao (2406)-Yang,Z (2337) Zhangjiakou CHN 2025 1-0 (50)}) 13. b4 Nbd7 14. Bc3 {A new move.} (14. Bf4) 14... Ne4 15. Nbd2 $146 ({RR} 15. Qc2 a5 16. Nbd2 Nxc3 17. Qxc3 Nb6 18. Ne5 axb4 19. axb4 Bxg2 20. Kxg2 Nd5 21. Qc6 Bxb4 22. Ndf3 Bc3 23. Rxa8 Qxa8 24. Qxb5 Bxd4 25. Nc6 Bb6 26. Rc1 Qa3 27. Rc4 Ra8 28. Nce5 h6 29. Nd3 Qa6 {Rodshtein,M (2664)-Karpov,A (2619) Germany 2014 0-1 (69)}) 15... Bd5 16. Qc2 Nxd2 17. Bxd2 Qb7 18. Rac1 Rac8 {# White achieved his goal, but Carlsen reasonably considers that one single weakness (pawn c7) in his camp is easy to protect and therefore doesn't represent a real problem.} 19. e4 ({After} 19. Rfe1 {Black can prevent e2-e4 with the radical} f5 ({or 19...Nf6, but not} 19... Be4 $2 {in view of} 20. Ng5 Bxc2 21. Bxb7 {and in opposite to the game White has kept the e-pawn.})) 19... Bxe4 20. Ng5 Bxc2 21. Bxb7 Bd3 22. Rfe1 {Aronian offers his opponent the possibility to change his mind and instead of giving up the exchange to return the extra pawn.} (22. Bxc8 Rxc8 23. Rfe1 Bc4 {leads to the position from the game.}) 22... Bc4 $1 {Carlsen follows his initial plan.} ({Weaker is} 22... Rb8 23. Rxc7 {with advantage for White}) 23. Bxc8 Bxg5 $1 {Just like on move 16, for Black is important to exchange enemy's knights.} 24. Bxg5 Rxc8 {# White won an exchange, but Black has a pawn for it and a very good control over light squares. In fact from the practical point of view the position is even easier to play with Black, since White doesn't even have targets for attack. After several more moves the players repeated the position and agreed to a draw:} 25. f3 f6 26. Bf4 Nb6 27. h4 Kf7 28. Kf2 c6 29. Bd6 Bd5 30. Bc5 Na4 31. g4 Ra8 32. Re2 a5 33. Bd6 axb4 34. Bxb4 Nb6 35. Bc5 Na4 36. Bb4 Nb6 37. Bc5 1/2-1/2